00343nam a2200133Ia 4500008004100000020001500041041001200056082001600068100001400084245004600098260003600144300000800180650002100188221030s9999 xx 000 0 und d a8186830049 aEnglish a105.23bSha aS. Sharma 0aGraphical User Interface ( DEPARTMENTAL ) bPentagon PressaNew Delhic2001 a340 aCSE Departmental